Խառնիխուռն / (Record no. 106583)
[ view plain ]
| 000 -LEADER | |
|---|---|
| fixed length control field | 00973nam a2200229 a 4500 |
| 001 - CONTROL NUMBER | |
| control field | 000291338 |
| 003 - CONTROL NUMBER IDENTIFIER | |
| control field | AM-YeHGA |
| 005 - DATE AND TIME OF LATEST TRANSACTION | |
| control field | 20250618071907.0 |
| 008 - FIXED-LENGTH DATA ELEMENTS--GENERAL INFORMATION | |
| fixed length control field | 031208s2001 ai 000 | arm d |
| 020 ## - INTERNATIONAL STANDARD BOOK NUMBER | |
| International Standard Book Number | 9993060259 |
| 040 ## - CATALOGING SOURCE | |
| Original cataloging agency | AM-YeHGA |
| 041 0# - LANGUAGE CODE | |
| Language code of text/sound track or separate title | arm |
| 090 ## - LOCALLY ASSIGNED LC-TYPE CALL NUMBER (OCLC); LOCAL CALL NUMBER (RLIN) | |
| -- | 107909 |
| 100 1# - MAIN ENTRY--PERSONAL NAME | |
| Personal name | Շուշանյան, Վազգեն Գրիգորի, |
| Dates associated with a name | 1903-1941 |
| 9 (RLIN) | 3672 |
| 245 10 - TITLE STATEMENT | |
| Title | Խառնիխուռն / |
| Statement of responsibility, etc. | Վ. Շուշանեան; Առաջաբ.՝ Ն. Յարութիւնեան; ԳԱԹ. |
| 260 ## - PUBLICATION, DISTRIBUTION, ETC. | |
| Place of publication, distribution, etc. | Երեւան : |
| Name of publisher, distributor, etc. | ԳԱԹ հրատ, |
| Date of publication, distribution, etc. | 2001. |
| 300 ## - PHYSICAL DESCRIPTION | |
| Extent | 272 էջ : |
| Other physical details | 1 թ. լուսանկ. ; |
| Dimensions | 20 սմ. |
| 504 ## - BIBLIOGRAPHY, ETC. NOTE | |
| Bibliography, etc. note | Մատենագիտ. տողատ. ծանոթ. և էջ՝ 259-268 ; Բառարան՝ էջ 269-270 ; Ժամանակագր.՝ էջ 255-258 |
| 650 14 - SUBJECT ADDED ENTRY--TOPICAL TERM | |
| Topical term or geographic name entry element | Հայ գրականություն |
| General subdivision | Ժողովածու |
| 700 1# - ADDED ENTRY--PERSONAL NAME | |
| Personal name | Հարությունյան, Նաիրա, |
| Dates associated with a name | 1966- |
| Relator term | առաջաբ. |
| Relationship | aui |
| 710 2# - ADDED ENTRY--CORPORATE NAME | |
| Corporate name or jurisdiction name as entry element | Գրականության և արվեստի թանգարան |
| Withdrawn status | Lost status | Damaged status | Not for loan | Collection | Home library | Current library | Date acquired | Total checkouts | Full call number | Barcode | Date last seen | Cost, replacement price | Price effective from | Koha item type | Public note |
|---|---|---|---|---|---|---|---|---|---|---|---|---|---|---|---|
| General | Fundamental Scientific Library | Fundamental Scientific Library | 22/12/2016 | AII/87214 | FL0065547 | 22/12/2016 | 750.00 | 22/12/2016 | Գրքեր / Books | 30 Days Loan | |||||
| General | Fundamental Scientific Library | Fundamental Scientific Library | 22/12/2016 | AII/87215 | FL0065548 | 22/12/2016 | 750.00 | 22/12/2016 | Գրքեր / Books | 30 Days Loan | |||||
| General | Fundamental Scientific Library | Fundamental Scientific Library | 22/12/2016 | AII/87250 | FL0065858 | 22/12/2016 | 750.00 | 22/12/2016 | Գրքեր / Books | 30 Days Loan |
ՀՀ Գիտությունների ազգային ակադեմիայի հիմնարար գիտական գրադարան = Fundamental Scientific Library of NAS RA
All site content, except where otherwise noted, is licensed under a